00474nam a2200181Ia 4500003000400000008004100004040001600045082001300061100001800074245005700092700001400149700001600163260004800179300001000227650001500237650001700252650002300269GCL140319s9999 xx 000 0 eng d aGCL / cGCL04a882bS A1 aKITTO, H.D.F.10aANTIGONE OEDIPUS: THE KING ELECTRA / cKITTO, H.D.F.1 aSOPHACLES1 aHALL, EDITH a[S.N] : bOXFORD UNIVERSITY PRESS ، c1994 a178 P04aLITERATURE04aDRAMA, GREEK04aLITERATURE - GREEK